[Event "POL-chT U19 2nd League"]
[Site "Iwonicz"]
[Date "2016.07.31"]
[Round "2.56"]
[White "Radecki, Adam"]
[Black "Piela, Dominik"]
[Result "0-1"]
[WhiteElo "1595"]
[BlackElo "1656"]
[PlyCount "82"]
[EventDate "2016.07.23"]
[EventType "team-swiss"]
[EventRounds "11"]
[EventCountry "POL"]
[SourceTitle "EXT 2019"]
[Source "ChessBase"]
[SourceDate "2018.10.10"]
[SourceVersion "1"]
[SourceVersionDate "2018.10.10"]
[SourceQuality "1"]
[WhiteTeam "Rydultowy Ognisko U19 II"]
[BlackTeam "Pszczyna PSSz U19"]
[WhiteTeamCountry "POL"]
[BlackTeamCountry "POL"]

1. e4 c5 2. Nf3 e6 3. d4 cxd4 4. Nxd4 Nf6 5. Nc3 d6 6. Be2 a6 7. Be3 Be7 8. f4 Qc7 9. 0-0 b5 10. Bf3 Bb7 11. Qd3 Nbd7 12. Nde2 Rc8 13. a3 0-0 14. Kh1 Rfd8 15. b4 Nb6 16. Bxb6 Qxb6 17. f5 Rc7 18. fxe6 fxe6 19. Rad1 Rdc8 20. Qd2 Rc4 21. Qf4 Rxc3 22. Nxc3 Rxc3 23. Bg4 Qe3 24. Bxe6+ Kh8 25. Qh4 Qxe4 26. Qxe4 Bxe4 27. Rde1 Rxc2 28. Bh3 g5 29. Rxe4 Nxe4 30. Bf5 Rf2 31. Rxf2 Nxf2+ 32. Kg1 Nd1 33. Bc8 Nc3 34. Bxa6 Kg7 35. Kf2 Bf6 36. Kf3 Be5 37. h3 Bf4 38. h4 Kf6 39. Bc8 Bc1 40. hxg5+ Kxg5 41. g4 Bxa3 0-1

[Event "POL-chT U19 2nd League"]
[Site "Iwonicz"]
[Date "2015.08.01"]
[Round "8.86"]
[White "Piela, Dominik"]
[Black "Gajda, Stanislaw"]
[Result "1-0"]
[WhiteElo "1598"]
[BlackElo "1549"]
[PlyCount "63"]
[EventDate "2015.07.25"]
[EventType "team-swiss"]
[EventRounds "11"]
[EventCountry "POL"]
[SourceTitle "EXT 2019"]
[Source "ChessBase"]
[SourceDate "2018.10.10"]
[SourceVersion "1"]
[SourceVersionDate "2018.10.10"]
[SourceQuality "1"]
[WhiteTeam "Pszczyna PSSz U19"]
[BlackTeam "Chylice KS Laura U19 II"]
[WhiteTeamCountry "POL"]
[BlackTeamCountry "POL"]

1. e4 c5 2. Nf3 d6 3. d4 cxd4 4. Nxd4 Nf6 5. Nc3 g6 6. Be3 Bg7 7. f3 Nc6 8. Qd2 0-0 9. 0-0-0 d5 10. Nxc6 bxc6 11. exd5 cxd5 12. Bd4 Qa5 13. g4 Be6 14. h4 Rfc8 15. h5 Rab8 16. hxg6 fxg6 17. Qe3 Rc6 18. Rd2 Qb4 19. Nd1 Qa4 20. Kb1 Rbc8 21. b3 Qa3 22. Rdh2 Kf7 23. Bd3 h6 24. Rxh6 Bxh6 25. Rxh6 Rg8 26. Qf4 Kg7 27. Rxg6+ Kf8 28. Bxf6 Bf7 29. Bxe7+ Qxe7 30. Rxc6 Qe1 31. Qd6+ Kg7 32. Qh6# 1-0

[Event "POL-chT U19 2nd League"]
[Site "Szczyrk"]
[Date "2014.07.31"]
[Round "9.62"]
[White "Piela, Dominik"]
[Black "Golda, Sebastian"]
[Result "0-1"]
[WhiteElo "1565"]
[BlackElo "1730"]
[PlyCount "106"]
[EventDate "2014.07.25"]
[EventType "team-swiss"]
[EventRounds "11"]
[EventCountry "POL"]
[SourceTitle "EXT 2015"]
[Source "ChessBase"]
[SourceDate "2014.11.20"]
[SourceVersion "1"]
[SourceVersionDate "2014.11.20"]
[SourceQuality "1"]
[WhiteTeam "Pszczyna PSSz U19"]
[BlackTeam "Krakow KKSz U19 II"]
[WhiteTeamCountry "POL"]
[BlackTeamCountry "POL"]

1. e4 e5 2. Bc4 Bc5 3. Nf3 Nc6 4. d3 d6 5. h3 h6 6. c3 Bb6 7. Bb3 Nf6 8. Nbd2 Ne7 9. 0-0 Ng6 10. Re1 0-0 11. Nf1 Re8 12. Ng3 Bd7 13. Be3 c6 14. Qe2 Bc7 15. a3 Be6 16. Bc2 d5 17. b4 Qd7 18. Qd2 a6 19. Qc1 Rad8 20. Rd1 Qc8 21. Qb2 Bd7 22. Bb3 Nf4 23. c4 dxc4 24. dxc4 N6h5 25. Nxh5 Nxh5 26. h4 Bg4 27. Qe2 Re6 28. Rxd8+ Bxd8 29. Qd3 Bxf3 30. gxf3 Be7 31. Kf1 Rd6 32. Qc3 Qh3+ 33. Ke2 Qh2 34. Bc5 Nf4+ 35. Ke3 Bxh4 36. Ra2 Rd3+ 37. Qxd3 Nxd3 38. Kxd3 Qh1 39. Be3 Qxf3 40. c5 Be7 41. Ra1 h5 42. Rg1 Qh3 43. Ke2 Qh2 44. Rd1 Qh3 45. Rg1 Kf8 46. Rg3 Qh1 47. Rf3 f6 48. Bd1 h4 49. Rf5 h3 50. Rh5 h2 51. Bb3 Bd8 52. Rh8+ Ke7 53. f3 Qg2+ 0-1

[Event "POL-chT U19 2nd League"]
[Site "Szczyrk"]
[Date "2014.07.29"]
[Round "7.68"]
[White "Piela, Dominik"]
[Black "Witczak, Jakub"]
[Result "0-1"]
[WhiteElo "1565"]
[BlackElo "1828"]
[PlyCount "110"]
[EventDate "2014.07.25"]
[EventType "team-swiss"]
[EventRounds "11"]
[EventCountry "POL"]
[SourceTitle "EXT 2015"]
[Source "ChessBase"]
[SourceDate "2014.11.20"]
[SourceVersion "1"]
[SourceVersionDate "2014.11.20"]
[SourceQuality "1"]
[WhiteTeam "Pszczyna PSSz U19"]
[BlackTeam "Gorzow Wielkopolski Stilon U19 II"]
[WhiteTeamCountry "POL"]
[BlackTeamCountry "POL"]

1. c4 Nf6 2. Nf3 e6 3. d4 Bb4+ 4. Bd2 Qe7 5. a3 Bxd2+ 6. Nbxd2 d5 7. g3 0-0 8. Bg2 b6 9. 0-0 Bb7 10. Qc2 c5 11. Rac1 Nbd7 12. e3 dxc4 13. Nxc4 Rac8 14. Qb1 Be4 15. Qa2 Bd5 16. b3 Rfd8 17. Nfe5 Bxg2 18. Kxg2 b5 19. Nd2 Nxe5 20. dxe5 Ng4 21. Nf3 Qb7 22. Qe2 Nxe5 23. e4 Nxf3 24. Qxf3 h6 25. Qe3 Qc7 26. Rc2 Rd6 27. Rfc1 Rc6 28. h4 Qb6 29. b4 c4 30. Qxb6 Rxb6 31. Rd1 Rb7 32. Kf3 Kf8 33. Ke3 Ke7 34. Rc3 Rcc7 35. Rd4 Rd7 36. f3 g6 37. f4 f6 38. Rxd7+ Rxd7 39. Ke2 Kd6 40. a4 Kc6 41. a5 Rd4 42. Re3 h5 43. Ke1 Kd6 44. e5+ fxe5 45. Rxe5 Rd5 46. Re3 e5 47. Kf2 exf4 48. gxf4 Rd2+ 49. Ke1 Rd4 50. Re5 c3 51. Rc5 Rc4 52. Rxc4 bxc4 53. Kd1 Kc6 54. b5+ Kxb5 55. Kc2 Kxa5 0-1

[Event "POL-chT U19 2nd League"]
[Site "Borowice"]
[Date "2012.07.25"]
[Round "6"]
[White "Chylewski, Daniel"]
[Black "Piela, Dominik"]
[Result "1-0"]
[WhiteElo "1300"]
[BlackElo "1560"]
[PlyCount "113"]
[EventDate "2012.07.21"]
[EventType "team-swiss"]
[EventRounds "11"]
[EventCountry "POL"]
[SourceTitle "EXT 2014"]
[Source "ChessBase"]
[SourceDate "2013.11.20"]
[SourceVersion "1"]
[SourceVersionDate "2013.11.20"]
[SourceQuality "1"]
[WhiteTeam "Szachylice UKS U19"]
[BlackTeam "Pszczyna PSSz U19"]
[WhiteTeamCountry "POL"]
[BlackTeamCountry "POL"]

1. d4 Nf6 2. c4 e6 3. Nc3 Bb4 4. Bg5 h6 5. Bh4 0-0 6. Nf3 b6 7. e3 Bb7 8. Bd3 d6 9. Qc2 Nbd7 10. a3 Bxc3+ 11. Qxc3 Qe8 12. 0-0 Ne4 13. Qc2 f5 14. Nd2 Nxd2 15. Qxd2 Qg6 16. f4 Nf6 17. Bxf6 gxf6 18. d5 e5 19. Rf3 Kh8 20. Rg3 Qh7 21. Qe2 e4 22. Bc2 Rg8 23. Rh3 Rg4 24. Bxe4 fxe4 25. Qxg4 Bc8 26. Qh4 Bxh3 27. Qxf6+ Kg8 28. gxh3 Rf8 29. Qh4 Kh8 30. Kh1 Kg8 31. Qg4+ Qg7 32. Qxg7+ Kxg7 33. Rg1+ Kf6 34. Rg3 a5 35. Kg2 a4 36. Kf2 b5 37. Ke2 Rb8 38. Kd2 bxc4 39. Kc3 Rb3+ 40. Kxc4 Rxb2 41. Kd4 Kf5 42. Rg7 Rb1 43. Rf7+ Kg6 44. Rxc7 Kf5 45. Rf7+ Kg6 46. Ra7 Kf5 47. Rf7+ Kg6 48. Rd7 Kf5 49. Rxd6 Rd1+ 50. Kc5 Rd3 51. Rxh6 Rxe3 52. d6 Rxa3 53. d7 Rc3+ 54. Kd6 Rd3+ 55. Ke7 Rxd7+ 56. Kxd7 e3 57. Ra6 1-0